000 00239 a2200085 4500
020 _a9781848223264
100 _a Ike Ijeh
245 _aDesigning London: Understanding the Character of the City
260 _b‎ Lund Humphries Publishers
_c2020
999 _c13513
_d13513